Catálogo de la Biblioteca Horacio González - Universidad Nacional de General Sarmiento

El sueño de los héroes (Registro nro. 53686)

Detalles MARC
000 -CABECERA
campo de control de longitud fija 01831ngm a22003250a 4500
001 - NÚMERO DE CONTROL
campo de control PT39970
003 - IDENTIFICADOR DEL NÚMERO DE CONTROL
campo de control AR-LpoUNG
005 - FECHA Y HORA DE LA ÚLTIMA TRANSACCIÓN
campo de control 20210201235859.0
007 - CAMPO FIJO DE DESCRIPCIÓN FÍSICA--INFORMACIÓN GENERAL
campo de control de longitud fija vd cvaizq
008 - DATOS DE LONGITUD FIJA--INFORMACIÓN GENERAL
campo de control de longitud fija 191001s2003||||ag |||||||||||||||||spa d
037 ## - FUENTE DE ADQUISICIÓN
Condiciones de disponibilidad $7.65
040 ## - FUENTE DE LA CATALOGACIÓN
Centro catalogador/agencia de origen AR-LpoUNG
Lengua de catalogación spa
Centro/agencia transcriptor AR-LpoUNG
Normas de descripción aacr
041 ## - CÓDIGO DE LENGUA
Código de lengua del texto/banda sonora o título independiente spa
044 ## - CÓDIGO DEL PAÍS DE LA ENTIDAD EDITORA/PRODUCTORA
Código MARC del país ag
082 0# - NÚMERO DE LA CLASIFICACIÓN DECIMAL DEWEY
Número de clasificación 302.542 394sue
100 1# - ENTRADA PRINCIPAL--NOMBRE DE PERSONA
Nombre de persona Renán, Sergio
Término indicativo de función/relación dir.
245 13 - MENCIÓN DE TÍTULO
Título El sueño de los héroes
260 ## - PUBLICACIÓN, DISTRIBUCIÓN, ETC.
Lugar de publicación, distribución, etc. San Luis :
Nombre del editor, distribuidor, etc. AVH,
Fecha de publicación, distribución, etc. 2003.
300 ## - DESCRIPCIÓN FÍSICA
Extensión DVD (108 min.) : son., col.
505 0# - NOTA DE CONTENIDO CON FORMATO
Nota de contenido con formato El dvd contiene dos peliculas. - El sueño de las heroes: Hecha en 1997. - Elenco: Germán Palacios, Soledad Villamil, Lito Cruz. - La tregua: Hecha en 1974. - Elenco : Héctor Alterio, Luis Brandoni, Ana María Picchio.
520 ## - SUMARIO, ETC.
Sumario, etc. El sueño de los heroes : La historia transcurre en varios barrios porteños y entre dos carnavales, el de 1927 y el de 1930. El protagonista, Emilio Gauna, ha ganado a las carreras e invitado a su barra de amigos a vivir una juerga de varios días. Al finalizar, busca reconstruir varios hechos que permanecen ocultos en su memoria por culpa del alcohol o por otras razones que no alcanza a dilucidar. Tres años más tarde y luego de haberse casado con la bella Clara - hija del brujo Taboada -, vuelve a ganar dinero e invita a sus amigos a reproducir con absoluta precisión las circunstancias vividas durante el carnaval anterior, al cabo de las cuales Gauna entenderá que no se puede escapar de un destino momentáneamente postergado. - La tregua : Es la historia de un oficinista cincuentón que vive un amor con una compañera de trabajo mucho menor que él.
650 #4 - PUNTO DE ACCESO ADICIONAL DE MATERIA--TÉRMINO DE MATERIA
Término de materia o nombre geográfico como elemento de entrada CONFLICTOS
650 #4 - PUNTO DE ACCESO ADICIONAL DE MATERIA--TÉRMINO DE MATERIA
Término de materia o nombre geográfico como elemento de entrada RELACIONES HUMANAS
651 #4 - PUNTO DE ACCESO ADICIONAL DE MATERIA--NOMBRE GEOGRÁFICO
Nombre geográfico Argentina
653 ## - TÉRMINO DE INDIZACIÓN--NO CONTROLADO
Término no controlado CINE ARGENTINO
653 ## - TÉRMINO DE INDIZACIÓN--NO CONTROLADO
Término no controlado DVD
653 ## - TÉRMINO DE INDIZACIÓN--NO CONTROLADO
Término no controlado VIDEOS
905 ## - ELEMENTOS DE DATOS E LOCAL, LDE (RLIN)
a 39970
942 ## - ELEMENTOS DE PUNTO DE ACCESO ADICIONAL (KOHA)
Tipo de ítem Koha DVD
Existencias
Estado de retiro Estado de pérdida Estado dañado No para préstamo Código de colección Localización permanente Ubicación/localización actual Fecha de adquisición Total de préstamos Signatura topográfica completa Código de barras Fecha visto por última vez Precio válido a partir de Tipo de ítem Koha
        Colección Cine Biblioteca Universidad Nacional de General Sarmiento Biblioteca Universidad Nacional de General Sarmiento 01/02/2021   302.542 394sue 00026227 27/06/2023 01/02/2021 DVD
        Colección Cine Biblioteca Universidad Nacional de General Sarmiento Biblioteca Universidad Nacional de General Sarmiento 01/02/2021   302.542 394sue 00044286 01/02/2021 01/02/2021 DVD
        Colección Cine Biblioteca Universidad Nacional de General Sarmiento Biblioteca Universidad Nacional de General Sarmiento 01/02/2021   302.542 394sue 00044313 01/02/2021 01/02/2021 DVD